Top 50 Countries by Nominal GDP - Statistics

General Stats
  • This quiz has been taken 112 times
    39 since last reset
  • The average score is 48 of 50
Answer Stats
# GDP Country % Correct
27 688 Bn Argentina
100%
12 2,123 Bn Australia
100%
24 776 Bn Belgium
100%
10 2,635 Bn Brazil
100%
11 2,507 Bn Canada
100%
2 20,851 Bn China
100%
7 3,596 Bn France
100%
3 5,452 Bn Germany
100%
6 4,153 Bn India
100%
17 1,539 Bn Indonesia
100%
8 2,738 Bn Italy
100%
4 4,379 Bn Japan
100%
35 516 Bn Malaysia
100%
13 2,120 Bn Mexico
100%
18 1,449 Bn Netherlands
100%
41 452 Bn Pakistan
100%
44 380 Bn Peru
100%
21 1,134 Bn Poland
100%
9 2,656 Bn Russia
100%
19 1,388 Bn Saudi Arabia
100%
15 1,931 Bn South Korea
100%
25 760 Bn Sweden
100%
22 976 Bn Taiwan
100%
32 579 Bn Thailand
100%
16 1,640 Bn Turkey
100%
5 4,264 Bn United Kingdom
100%
1 32,383 Bn United States
100%
37 510 Bn Bangladesh
96%
43 407 Bn Chile
96%
48 337 Bn Finland
96%
50 307 Bn Greece
96%
23 779 Bn Ireland
96%
26 719 Bn Israel
96%
31 599 Bn Norway
96%
45 380 Bn Portugal
96%
39 480 Bn Romania
96%
28 659 Bn Singapore
96%
40 479 Bn South Africa
96%
14 2,091 Bn Spain
96%
30 621 Bn United Arab Emirates
96%
34 527 Bn Vietnam
96%
29 623 Bn Austria
91%
42 432 Bn Czechia
91%
38 503 Bn Denmark
91%
36 512 Bn Philippines
91%
20 1,146 Bn Switzerland
91%
33 539 Bn Colombia
87%
49 317 Bn Algeria
83%
47 360 Bn Kazakhstan
83%
46 377 Bn Nigeria
78%
No matching quizzes found
Score Distribution
Percent of People with Each Score
Percentile by Number Answered
Your Score History
You have not taken this quiz since the last reset